00665nam a2200181 i 450000100060000000300090000600500170001500700030003200800410003510000360007624500830011225000380019526000370023330000420027085200320031299900170034495201220036120985ES-MaACL20230906152410.0t|021120s1971 sp ||||1| spa d1 aAlarcón Creus, José.91913910aTratado práctico de refrigeración automática / cJosé Alarcón Creus. a6ª ed., ampl. y puesta al día. aBarcelona : bMarcombo, c[1971] a378 p. : b5 h. pleg., il. ; c25 cm. aES-MaACLjC-53280 bR.91704 c20985d20985 00104070aATENEOMbATENEOMcDEPO2d2008-01-17eSCl0oC-53280p1021551r2023-02-23 00:00:00w2023-02-23yMONOGRAFIA